Dodavateľsko-odberateľské vzťahy ako súčasť plánovacieho procesu záverečná práca postgraduálneho štúdia

Enregistré dans:
Détails bibliographiques
Auteur principal: Janec, Juraj
Collectivité auteur: Vysoká škola ekonomická v Bratislave
Autres auteurs: Hanes, Dalibor
Format: Livre
Langue:slovaque
Publié: Bratislava 1989
Tags: Ajouter un tag
Pas de tags, Soyez le premier à ajouter un tag!

MARC

LEADER 00000nam a2200000 4500
001 c028987
005 20221215070425.7
041 0 |a slo 
044 |a SK 
245 1 0 |a Dodavateľsko-odberateľské vzťahy ako súčasť plánovacieho procesu  |b záverečná práca postgraduálneho štúdia  |c Juraj Janec ; ved. práce D. Hanes 
264 1 |a Bratislava  |c 1989 
300 |a 41 s. 
100 1 |a Janec, Juraj 
700 1 |a Hanes, Dalibor 
710 2 |a Vysoká škola ekonomická v Bratislave